000 00652nam a2200217 i 4500
001 bg
100 1 _aKOSIKOWSKI, Cezary.
245 1 0 _aZezwolenia na działalność gospodarczą w prawie polskim /
_cCezary Kosikowski.
260 _aWarszawa :
_bPolskie Wydaw. Ekonomiczne,
_c1997.
300 _a231, [1] s. ;
_c21 cm.
504 _aWykaz aktów prawnych s. 225-[232].
650 9 _aPrawo gospodarcze
_xzagadnienia
_zPolska
655 _aPodręczniki akademickie
020 _a8320810620
040 _cBPK
041 0 _apl
080 _a346(438)(075.8)
920 _a83-208-1062-0
942 _cKS
008 s pl f |000 0 pol
999 _c37467
_d37467
856 _uhttp://koha.tu.koszalin.pl/cgi-bin/koha/opac-detail.pl?biblionumber=37467
_yKatalog online BPK